00895 2200217 4500001002100000005001500021035002000036007000300056008004100059020000600100082000800106084001400114100003000128245014900158250002800307260004900335650006000384700000600444520016700450856006000617INLIS00000000000473420230731040815 a0010-0723000079ta230731 0 eng  a- a721 a721 UNI j0 aUniversitas Kristen petra1 aJurnal Internasional Arsitektur: Vol. 48 No. 1 JULY 2021 :bDIMENSI - Journal of Architecture and Built Environment /cUniversitas Kristen petra aVol. 48 No. 1 JULY 2021 aSurabaya :bUniversitas Kristen petra,c2021 aDIMENSI - Journal of Architecture and Built Environment0 a- aTerakreditasi: SINTA 2 Terindeks: DOAJ, Scopus, Google Scholar, Crossref, Garuda Frekuensi terbit: 2 kali setahun (Bulan: July, December ahttps://dimensi.petra.ac.id/index.php/ars/issue/archive